UBT Library

Zur Problematik der Stabilisierung des Westbalkans / (Record no. 388)

000 -LEADER
fixed length control field 00795nam a22002057a 4500
008 - FIXED-LENGTH DATA ELEMENTS--GENERAL INFORMATION
fixed length control field 131204b xxu||||| |||| 00| 0 ger d
020 ## - INTERNATIONAL STANDARD BOOK NUMBER
International Standard Book Number 3901328483
041 0# - LANGUAGE CODE
Language code of text/sound track or separate title ger, eng
080 ## - UNIVERSAL DECIMAL CLASSIFICATION NUMBER
Universal Decimal Classification number 341.62
245 00 - TITLE STATEMENT
Title Zur Problematik der Stabilisierung des Westbalkans /
260 ## -
-- Wien :
-- Landesverteidigungsakademie/Militärwissenschafliches Büro,
-- 2000.
300 ## -
-- 179 f. ;
-- 23 cm.
490 1# -
-- Studien und Berichte zur Sicherheitspolitik ;
-- 5
490 1# -
-- Schriftenreihe der Landesverteidigungsakademie ;
-- 6
500 ## -
-- Vorwort : f. 1-3
521 ## -
--
650 #0 -
-- Gadishulli Ballkanik
-- Politika dhe Qeveria
710 2# -
-- Landesverteidigungsakademie (Austria)
942 ## - ADDED ENTRY ELEMENTS (KOHA)
Source of classification or shelving scheme
Item type Books
Holdings
Withdrawn status Lost status Source of classification or shelving scheme Damaged status Not for loan Collection code Permanent location Current location Shelving location Date acquired Total Checkouts Full call number Barcode Date last seen Koha item type
          Koleksioni i përgjithshem UBT - Prishtine UBT - Prishtine Koleksioni i përgjithshem 12/04/2013   341.62 PRO 001-000523 12/04/2013 Books
UBT Library © 2015-2024. All rights reserved University Education for Business and Technology